000 00237nam a22001097a 4500
082 _a515.7 TIT'T
100 _aTITCMARSH, E.C
_977806
245 _aTHE THEORY OF FUNCTIONS
260 _aLONDON
_bENG
_c1939
300 _a454P
942 _cBK
999 _c583018
_d583018